Jugadores del FC Barcelona por foto - Estadísticas

Estadísticas generales
  • Esta prueba ha sido intentada 197 veces
  • La puntuación promedio es 14 de 16
Estadísticas de respuestas
Imagen Respuesta % Correcto
Messi
100%
Iniesta
99%
Neymar
99%
Luis Suarez
98%
Ronaldinho
98%
Ter Stegen
98%
Araujo
97%
Pedri
97%
Dani Alves
95%
Rakitic
93%
Cruyff
90%
Eto
88%
Riqui Puig
75%
Semedo
68%
Mathieu
65%
Paco Alcacer
55%
No se encontraron pruebas coincidentes
Distribución de puntuación
Porcentaje de gente con cada puntuación
Porcentaje por número respondido
Historial de tus puntuaciones
No has intentado esta prueba.